Statistics for Countries Furthest from the Equator with Exceptions

Click here to take the quiz!

General Stats

  • This quiz has been taken 27,207 times
    (27,188 since last reset)
  • The average score is 15 of 21

Answer Stats

° from EquatorCountry% Correct
41.68Canada
97%
41.57Mongolia
83%
40.57Kazakhstan
81%
29.22New Zealand
81%
37.67North Korea
78%
36.67Tajikistan
77%
37.18Uzbekistan
77%
39.17Kyrgyzstan
76%
35.15Turkmenistan
76%
38.40Azerbaijan
75%
41.05Georgia
75%
33.10South Korea
75%
38.83Armenia
74%
29.38Afghanistan
67%
35.82Turkey
67%
32.32Syria
62%
29.50Israel
60%
33.05Lebanon
60%
34.57Cyprus
54%
30.08Uruguay
48%
30.25Tunisia
38%

Score Distribution

Percentile by Number Answered

Percent of People with Each Score

Your Score History

You have not taken this quiz since the last reset